Music Quiz

Random Music or Album Quiz

Finish the Album Quiz Stats

Quiz Updated Mar 8, 2012

Also try: Name That Rapper
Challenge
Share
Tweet
Embed
Score 0/30 Timer 05:00
0 Plays Today
Start of album End of album % Correct
The Dark Side...Of the Moon
97.9%
Sgt. Pepper's...Lonely Hearts Club Band
78.9%
Get Rich...Or Die Tryin'
74.1%
For Those About to Rock...(We Salute You)
63.4%
(What's the Story)...Morning Glory?
62.8%
A Rush of...Blood to the Head
59.4%
Blood Sugar...Sex Magik
57.7%
Houses...Of the Holy
44.9%
Still Crazy...After All These Years
42.3%
A Night...At the Opera
40.2%
Automatic...For the People
37.4%
Mellon Collie and...The Infinite Sadness
32.6%
Speakerboxxx/...The Love Below
31.3%
Songs in...The Key of Life
29.5%
Never Mind the Bollocks...Here's the Sex Pistols
29%
Start of album End of album % Correct
The Rise and Fall of...Ziggy Stardust and the Spiders from Mars
25.8%
All That...You Can't Leave Behind
23.1%
Darkness on the...Edge of Town
22.7%
Whatever People Say I Am...That's What I'm Not
20%
Good News for...People Who Love Bad News
19.4%
It Takes a Nation of...Millions to Hold Us Back
16.6%
Bringing It...All Back Home
14.4%
Before These...Crowded Streets
13.7%
I'm Wide Awake...It's Morning
11.8%
I Never Loved a Man...The Way I Love You
11.7%
Captain Fantastic and the...Brown Dirt Cowboy
10%
Their Satanic...Majesties Request
9.6%
Supposed Former...Infatuation Junkie
8.8%
I Do Not Want...What I Haven't Got
8.3%
The Kinks are the...Village Green Preservation Society
5.8%

You're not logged in!

Compare scores with friends on all Sporcle quizzes.
Join for Free
OR
Log In

You Might Also Like...

Show Comments

Extras

Top Quizzes Today


Score Distribution

Your Account Isn't Verified!

In order to create a playlist on Sporcle, you need to verify the email address you used during registration. Go to your Sporcle Settings to finish the process.

Report this User

Report this user for behavior that violates our Community Guidelines.

Details: